Yêu cầu nhiệm vụ của ngành toà án và quan điểm xây dựng đội ngũ thẩm phán trong giai đoạn mới /

Uloženo v:
Podrobná bibliografie
Hlavní autor: Đỗ Gia Thư
Médium: Článek
Jazyk:Vietnamese
Témata:
Tagy: Přidat tag
Žádné tagy, Buďte první, kdo otaguje tento záznam!
Thư viện lưu trữ: Thư viện Trường Đại học Đà Lạt
LEADER 00795nam a2200277 4500
001 DLU060051806
040 # # |a DLU  |b vie 
041 # # |a vie 
044 # # |a vn 
100 # # |a Đỗ Gia Thư 
245 # # |a Yêu cầu nhiệm vụ của ngành toà án và quan điểm xây dựng đội ngũ thẩm phán trong giai đoạn mới /  |c Đỗ Gia Thư 
653 # # |a Luật 
653 # # |a Thẩm phán 
653 # # |a Toà án 
773 # # |t Toà án nhân dân  |g Số 13, 2004, tr.2-7 
920 # # |a Phòng Tạp chí -- Trung tâm Thông tin - Thư viện Trường Đại học Đà Lạt 
933 # # |a CT, TN 
994 # # |a DLU 
900 # # |a True 
911 # # |a Nguyễn Thị Yên 
925 # # |a G 
926 # # |a A 
927 # # |a BB 
980 # # |a Thư viện Trường Đại học Đà Lạt